| Tag |
First Indicator |
Second Indicator |
Subfields |
| LEADER |
00000cam a2200000 a 4500 |
| 001 |
in00004480049 |
| 005 |
20191203081108.0 |
| 008 |
940715s1995 moua b 001 0 eng |
| 010 |
|
|
|a 94022834
|
| 020 |
|
|
|a 0801677351
|
| 035 |
|
|
|a (OCoLC)30893142
|
| 035 |
|
|
|9 AAG4640MS
|
| 035 |
|
|
|z (UtOrBLW)20642
|
| 035 |
|
|
|a 33363
|
| 040 |
|
|
|a DLC
|c DLC
|d CJT
|d UIU
|d TOM
|d NOH
|d NLM
|d TMV
|d UtOrBLW
|
| 049 |
|
|
|a TMVM
|c 1
|
| 050 |
0 |
0 |
|a RZ221
|b .P48 1995
|
| 060 |
0 |
0 |
|a WB 905.6
|b C541 1995
|
| 069 |
0 |
|
|a 9504435
|
| 082 |
0 |
0 |
|a 615.5/34/09
|2 20
|
| 245 |
0 |
0 |
|a Chiropractic :
|b an illustrated history /
|c [edited by] Dennis Peterson, Glenda Wiese.
|
| 264 |
|
1 |
|a St. Louis :
|b Mosby,
|c [1995]
|
| 264 |
|
4 |
|c ©1995
|
| 300 |
|
|
|a xiii, 509 pages :
|b illustrations (some color) ;
|c 32 cm.
|
| 336 |
|
|
|a text
|2 rdacontent
|b txt
|
| 337 |
|
|
|a unmediated
|2 rdamedia
|
| 338 |
|
|
|a volume
|2 rdacarrier
|b nc
|
| 504 |
|
|
|a Includes bibliographical references (pages 497-499) and index.
|
| 505 |
0 |
|
|a Antecedents to chiropractic: a cultural approach from ancient myths to modern mythologies / Pierre Louis Gaucher-Peslherbe -- American medicine in the nineteenth century: experimentation and consolidation / William G. Rothstein -- Daniel David Palmer: "Old Dad Chiro" the founder of chiropractic / Glenda Wiese, Dennis Peterson -- Age of wonderment: chiropractic in the early twentieth century: health care in the midwest at the turn of the century / Joseph C. Keating, Jr. -- Pathway to identity for a new healing art: Chiropractic's maturation, 1910-1929 / Russell W. Gibbons.
|
| 505 |
0 |
|
|a Postwar years: 1945-1973 / Carl S. Cleveland, III, Joseph C. Keating, Jr. -- Chiropractic's renaissance: from 1963 to 1993 / Jerome F. McAndrews, George P. McAndrews -- Chiropractic adjusting techniques: the rock that anchors chiropractic / Herb Lee, Meridel Gatterman -- Chiropractic equipment: "Clothes maketh the man" / John S. Kyneur, Stanley P. Bolton -- Radiography and chiropractic spinography / Robin Canterbury -- Chiropractic schools and colleges: "To teach and to practice chiropractic" / Glenda Wiese, Dennis Peterson.
|
| 505 |
0 |
|
|a Chiropractic's pathfinders: images and legacies / William S. Rehm -- Chiropractic professional associations: the names and politics that have forged present pathways / Joseph C. Keating, Jr. -- Women in chiropractic / Alana Callender -- Chiropractic around the world / Herbert J. Vear ... [et al.] -- Epilogue / Walter I. Wardwell.
|
| 650 |
|
2 |
|a Chiropractic
|x history.
|
| 700 |
1 |
|
|a Peterson, Dennis.
|
| 700 |
1 |
|
|a Wiese, Glenda.
|
| 999 |
|
|
|a MARS
|
| 999 |
f |
f |
|s 7ca749ed-7d6d-3fc5-8f7c-7d4cb1ba166f
|i 8432dfc8-81c2-39d7-b6b9-bf6548c90581
|t 0
|
| 952 |
f |
f |
|p ric
|a Texas A&M University
|b Rellis Campus
|c Joint Library Facility
|d Remote Storage
|t 0
|e WB 905.6 C541 1995
|h National Library of Medicine classification
|i unmediated -- volume
|m 3238901080821
|
| 998 |
f |
f |
|a WB 905.6 C541 1995
|t 0
|l Remote Storage
|